Statistics for Země nejblíže Belgii

Click here to take the quiz!

General Stats

  • This quiz has been taken 152 times
  • The average score is 15 of 20

Answer Stats

kmzemě% Correct
0Německo
98%
0Francie
97%
404Česko
93%
0Lucembursko
89%
595Polsko
88%
0Nizozemí
87%
450Dánsko
85%
357Rakousko
85%
785Slovensko
85%
254Švýcarsko
85%
426Itálie
80%
734Norsko
80%
658Švédsko
79%
372Lichtenštejnsko
72%
622Irsko
66%
668Slovinsko
66%
80Spojené
království
64%
731Chorvatsko
54%
799San Marino
45%
657Monako
40%

Score Distribution

Percentile by Number Answered

Percent of People with Each Score

Your Score History

You have not taken this quiz